000 00301nam a22001337a 4500
020 _a978-1-68422-021-2
082 _a150 JUN
100 _aJung, C.G.
245 _aPsychology of the Unconscious
260 _aLondon
_bMarting Fine Books
_c2016
300 _a339
650 _aPsychology
942 _cBK
999 _c20499
_d20499